ចំណីដែលសត្វចូលចិត្ត / (Record no. 1148)
[ view plain ]
| 000 -LEADER | |
|---|---|
| fixed length control field | 01299nam a22002897a 4500 |
| 005 - DATE AND TIME OF LATEST TRANSACTION | |
| control field | 20230808104038.0 |
| 020 ## - INTERNATIONAL STANDARD BOOK NUMBER | |
| International Standard Book Number | 9789924340805 |
| 040 ## - CATALOGING SOURCE | |
| Original cataloging agency | FISKH |
| Language of cataloging | eng |
| Transcribing agency | FISKH |
| Modifying agency | FISKH |
| 082 ## - DEWEY DECIMAL CLASSIFICATION NUMBER | |
| Classification number | 591.53 |
| 100 ## - MAIN ENTRY--PERSONAL NAME | |
| Personal name | Choeurn, Brus |
| 245 ## - TITLE STATEMENT | |
| Title | ចំណីដែលសត្វចូលចិត្ត / |
| 246 ## - VARYING FORM OF TITLE | |
| Title proper/short title | Animal's favorite food |
| 250 ## - EDITION STATEMENT | |
| Edition statement | បោះពុម្ភលើកទី ២ មករា ២០២២ |
| 260 ## - PUBLICATION, DISTRIBUTION, ETC. | |
| Place of publication, distribution, etc. | Phnom Penh : |
| Name of publisher, distributor, etc. | Sipar, |
| Date of publication, distribution, etc. | 2022 |
| 300 ## - PHYSICAL DESCRIPTION | |
| Extent | 16 unnumbered pages : |
| Other physical details | color illustrator ; |
| Dimensions | 18 cm |
| 505 ## - FORMATTED CONTENTS NOTE | |
| Formatted contents note | aa |
| 520 ## - SUMMARY, ETC. | |
| Summary, etc. | កុមារតូចនិងបានរៀននូវពាក្យដំបូងពីឈ្មោះរបស់សត្វនិងចំណីអារហារបស់សត្វអមជាមួយនឹងគំនូរពណ៍ផងដែរ។ |
| 520 ## - SUMMARY, ETC. | |
| Summary, etc. | Basic vocabulary of animals and animals' food with color painted picture are introduce to young children. |
| 521 ## - TARGET AUDIENCE NOTE | |
| Target audience note | 10 <br/> |
| Source | Lexile estimate |
| 521 ## - TARGET AUDIENCE NOTE | |
| Target audience note | aa <br/> |
| Source | Raz-Plus <br/> |
| 650 ## - SUBJECT ADDED ENTRY--TOPICAL TERM | |
| Topical term or geographic name entry element | សត្វ |
| Form subdivision | ចំណីអាហា |
| General subdivision | រូបភាព |
| 650 ## - SUBJECT ADDED ENTRY--TOPICAL TERM | |
| Form subdivision | Animals |
| General subdivision | Foods |
| Chronological subdivision | pictures |
| 700 ## - ADDED ENTRY--PERSONAL NAME | |
| Personal name | Choeurn, Brus |
| Titles and other words associated with a name | illustrator |
| 942 ## - ADDED ENTRY ELEMENTS (KOHA) | |
| Source of classification or shelving scheme | Dewey Decimal Classification |
| Koha item type | Books |
| Suppress in OPAC | No |
| 999 ## - | |
| -- | 1148 |
| -- | 1148 |
| Withdrawn status | Lost status | Source of classification or shelving scheme | Damaged status | Not for loan | Collection | Home library | Current library | Shelving location | Date acquired | Total Checkouts | Full call number | Barcode | Date last seen | Date last checked out | Copy number | Price effective from | Koha item type |
|---|---|---|---|---|---|---|---|---|---|---|---|---|---|---|---|---|---|
| Dewey Decimal Classification | Khmer-English Bilingual / ភាសាខ្មែរ-អង់គ្លេស | Footprints International School Library Network Toul Kork Campus | Footprints International School Library Network Toul Kork Campus | TK Campus, Room B402, Khmer Book Case 16, Shelves 112-123 / ទូរសៀវភៅខ្មែរលេខ ១៦ ធ្នើរ ១១២ ដល់ ១២៣ បន្ទប់ B402 សាខាទួលគោក | 08/04/2023 | 2 | CHO 591.53 | 2023-0177 | 08/29/2025 | 08/07/2025 | 1 | 08/04/2023 | Books | ||||
| Dewey Decimal Classification | Khmer-English Bilingual / ភាសាខ្មែរ-អង់គ្លេស | Footprints International School Library Network Toul Kork Campus | Footprints International School Library Network Toul Kork Campus | TK Campus, Room B402, Khmer Book Case 16, Shelves 112-123 / ទូរសៀវភៅខ្មែរលេខ ១៦ ធ្នើរ ១១២ ដល់ ១២៣ បន្ទប់ B402 សាខាទួលគោក | 08/04/2023 | 2 | CHO 591.53 | 2023-0178 | 06/19/2025 | 05/21/2025 | 2 | 08/04/2023 | Books |
